| 000 | 004420000a22001570004500 | ||
|---|---|---|---|
| 003 | MACL | ||
| 005 | 20170719122843.0 | ||
| 008 | 170719b xxu||||| |||| 00| 0 eng d | ||
| 040 | _cmacl | ||
| 100 |
_aशुक्ला,सुबीर _968301 |
||
| 245 | _aछोटा सा मोटा सा लोटा | ||
| 260 |
_bNBT _c2000 |
||
| 350 | _a12 | ||
| 650 |
_aबाल पुस्तक _966192 |
||
| 942 |
_cHIN _k741.642 _2ddc |
||
| 999 |
_c11774 _d11774 |
||